| 000 | 00621nam a2200181Ia 4500 | ||
|---|---|---|---|
| 008 | 151202s9999||||xx |||||||||||||| ||und|| | ||
| 082 | _bPNVM-71646 | ||
| 100 | _aकाणे मानसी. | ||
| 245 | _aगणपती बाप्पा मोरया. | ||
| 260 | _bपरी प्रकाशन कोल्हापूर. | ||
| 260 | _c71646 | ||
| 300 | _a104 | ||
| 600 | _aकाणे मानसी. | ||
| 630 | _aगणपती बाप्पा मोरया. | ||
| 700 | _aकाणे मानसी. | ||
| 730 | _aगणपती बाप्पा मोरया. | ||
| 942 | _cBOOK | ||
| 999 |
_c1338318 _d1338315 |
||